01170nam a2200241Ia 450000100060000000300090000600800410001504000130005604000130006904100130008210000260009510000290012124501080015024500710025825000110032926000120034026000130035226000490036530000560041450004120047065000150088265000310089735197IT-RoPAU130308s9999 xx 000 0 und d aIT-RoPAU cIT-RoPAU aITALIANO aSalvestroni Simonetta gCodice Aut. SPICS: 1682 aNuove chiavi di lettura del reale alla luce del pensiero di Lotman e dell'epistemologia contemporanea  bSemiosfera (La)-L'Asimmetria e Il Dialogo nelle strutture Pensanti a1a ed. aVENEZIA bMarsilio c1985 [1° Ed.:1985 - Ed.Ling.Originale:1985] a"40 p. (prefazione: no ; testo: 40 [pagine: 7-46])" aLibro di Lotman nel Contesto internazionale Contemporaneo Lotman e la Cultura Scientifica Russa degli Anni venti Contributo del Biologo Vernadskij Lotman e l'evoluzione della Teoria del Dialogo Meccanismi dei Testi Artistici Alla Luce della Proposta della Semiosfera coppia Polare Dinamismo Omeostasi Meccanismi creativi della Coscienza Individuale Possibilità di Sviluppo della Proposta Teorica di Lotman aSEMIOLOGIA eCodice materia Spics: 3251